000
00250nam a2200109Ia 4500
005
20251222141811.0
008
251222s9999||||xx |||||||||||||| ||spa||
082
_a
891.36/T68A/1960
100
_a
"Tolstoi, Leín"
245
0
_a
Ana Karenina
942
_c
LIB
999
_c
6491
_d
6491